Triumphs of biology /

Bibliographic Details
Main Author: Goldstein, Philip, 1910-
Format: Book
Language:English
Published: Garden City, N.Y. : Doubleday, 1965.
Edition:[1st ed.].
Subjects:

MARC

Tag First Indicator Second Indicator Subfields
LEADER 00000cam a22000001 4500
001 in00000045257
005 20151007071150.0
008 711124s1965 nyuah 00000 eng
010 |a  65012365  
035 |a (OCoLC)00711413 
035 |9 AAE5443AM 
040 |a DLC  |c DLC  |d TXA  |d UtOrBLW 
049 |a TXAM  |c [455230] 
050 0 0 |a QH305  |b .G64 
082 0 |a 574.09 
092 |a 574.09  |b G624t, 1965 
100 1 |a Goldstein, Philip,  |d 1910- 
245 1 0 |a Triumphs of biology /  |c Illustrated by Howard S. Friedman. 
250 |a [1st ed.]. 
264 1 |a Garden City, N.Y. :  |b Doubleday,  |c 1965. 
300 |a v, 304 pages :  |b illustrations, facsimiles ;  |c 22 cm. 
336 |a text  |b txt  |2 rdacontent 
337 |a unmediated  |b n  |2 rdamedia 
338 |a volume  |b nc  |2 rdacarrier 
650 0 |a Biology  |x History. 
999 |a MARS 
999 f f |s 801097ce-10af-36fa-ba75-3013b881d345  |i 0fcd6489-4a83-371f-b107-f23aeeff88e0  |t 0 
952 f f |p ric  |a Texas A&M University  |b Rellis Campus  |c Joint Library Facility  |d Remote Storage  |t 0  |e QH305 .G64  |h Library of Congress classification  |i unmediated -- volume  |m A14800972539 
998 f f |a QH305 .G64  |t 0  |l Remote Storage